[Event "Nairobi op"]
[Site "Nairobi"]
[Date "2023.04.06"]
[Round "2"]
[White "Zamir, Zayan"]
[Black "Mangi, Lenox"]
[Result "0-1"]
[WhiteElo "1411"]
[BlackElo "1595"]
[PlyCount "48"]
[EventDate "2023.04.06"]
[EventType "swiss"]
[EventRounds "9"]
[EventCountry "KEN"]
[SourceTitle "EXT 2024"]
[Source "ChessBase"]
[SourceDate "2023.10.10"]
[SourceVersion "1"]
[SourceVersionDate "2023.10.10"]
[SourceQuality "1"]

1. d4 d5 2. c4 c6 3. g3 Nf6 4. Bg2 e6 5. Nf3 Bd6 6. 0-0 dxc4 7. Ne5 Bxe5 8. dxe5 Qxd1 9. Rxd1 Nfd7 10. f4 0-0 11. Nd2 b5 12. a4 Ba6 13. axb5 Bxb5 14. Ne4 Nb6 15. Nd6 Nd5 16. Nxb5 cxb5 17. Bxd5 exd5 18. Rxd5 a6 19. Bd2 Nc6 20. Rd6 Rfd8 21. Rxc6 Rxd2 22. Rcxa6 Rxa6 23. Rxa6 g6 24. b3 Rxe2 0-1

[Event "KEN-chT"]
[Site "Nairobi"]
[Date "2019.07.21"]
[Round "23.1"]
[White "Mangi, Lenox"]
[Black "Mcligeyo, Robert Oluka"]
[Result "1-0"]
[WhiteElo "1589"]
[BlackElo "1395"]
[PlyCount "57"]
[EventDate "2019.02.09"]
[EventType "team-tourn"]
[EventRounds "27"]
[EventCountry "KEN"]
[SourceTitle "CBM 192 Extra"]
[Source "Chessbase"]
[SourceDate "2019.11.06"]
[SourceVersion "1"]
[SourceVersionDate "2019.11.06"]
[SourceQuality "1"]
[WhiteTeam "Kenya Technical Univ"]
[BlackTeam "Nacha Kings"]
[WhiteTeamCountry "KEN"]
[BlackTeamCountry "KEN"]

1. d4 Nf6 2. Bf4 e6 3. e3 c5 4. c3 d5 5. Nd2 Nc6 6. Ngf3 Bd6 7. Bg3 b6 8. Bb5 Bb7 9. Qa4 Rc8 10. Qxa7 Ba8 11. Bxd6 Qxd6 12. Qxb6 cxd4 13. Qxd4 0-0 14. Bxc6 Bxc6 15. 0-0 Rfe8 16. Ne5 Rb8 17. Rfe1 Rxb2 18. Ndc4 Qb8 19. Nxb2 Qxb2 20. Nxc6 Ne4 21. Reb1 Qxf2+ 22. Kh1 Qh4 23. Qe5 f6 24. Qf4 Qh5 25. Rb8 e5 26. Qf3 Qf7 27. Rab1 Nd2 28. Rxe8+ Qxe8 29. Qxd5+ 1-0

[Event "KEN-chT"]
[Site "Nairobi"]
[Date "2019.05.18"]
[Round "14.1"]
[White "Hinga, Githinji"]
[Black "Mangi, Lenox"]
[Result "1-0"]
[WhiteElo "2029"]
[BlackElo "1589"]
[PlyCount "77"]
[EventDate "2019.02.09"]
[EventType "team-tourn"]
[EventRounds "27"]
[EventCountry "KEN"]
[SourceTitle "CBM 192 Extra"]
[Source "Chessbase"]
[SourceDate "2019.11.06"]
[SourceVersion "1"]
[SourceVersionDate "2019.11.06"]
[SourceQuality "1"]
[WhiteTeam "Deadly Bishops"]
[BlackTeam "Kenya Technical Univ"]
[WhiteTeamCountry "KEN"]
[BlackTeamCountry "KEN"]

1. e4 c5 2. Nf3 d6 3. Bc4 a6 4. d4 cxd4 5. Nxd4 Nf6 6. f3 e6 7. Nc3 Qc7 8. Bb3 Be7 9. Be3 h5 10. Qd2 Nc6 11. 0-0-0 Ne5 12. Kb1 Bd7 13. Bg5 Rc8 14. f4 Nc6 15. Rhe1 e5 16. Nxc6 Qxc6 17. fxe5 dxe5 18. Bxf6 Bg4 19. Bxe7 Bxd1 20. Ba3 Bg4 21. h3 Be6 22. Qg5 Qc7 23. Qxg7 Kd7 24. Rd1+ Kc6 25. Bxe6 fxe6 26. Rd6+ Qxd6 27. Bxd6 Kxd6 28. Qxb7 Rhf8 29. Qxa6+ Kd7 30. a4 Ra8 31. Qb7+ Kd6 32. b4 Ra5 33. bxa5 Kc5 34. a6 h4 35. a7 Kd4 36. Qb4+ Ke3 37. Qxf8 Kd2 38. Qf3 Ke1 39. Qe2# 1-0

[Event "KEN-chT"]
[Site "Nairobi"]
[Date "2019.02.10"]
[Round "4.1"]
[White "Mangi, Lenox"]
[Black "Magana, Ben"]
[Result "0-1"]
[WhiteElo "1589"]
[BlackElo "2083"]
[PlyCount "106"]
[EventDate "2019.02.09"]
[EventType "team-tourn"]
[EventRounds "27"]
[EventCountry "KEN"]
[SourceTitle "CBM 192 Extra"]
[Source "Chessbase"]
[SourceDate "2019.11.06"]
[SourceVersion "1"]
[SourceVersionDate "2019.11.06"]
[SourceQuality "1"]
[WhiteTeam "Kenya Technical Univ"]
[BlackTeam "KCB Bank"]
[WhiteTeamCountry "KEN"]
[BlackTeamCountry "KEN"]

1. d4 Nf6 2. Bf4 c5 3. e3 Qb6 4. Nc3 a6 5. a3 g6 6. Nf3 Bg7 7. Be2 0-0 8. h3 cxd4 9. exd4 d5 10. 0-0 Nc6 11. Na4 Qa5 12. c3 Ne4 13. Bh2 Bf5 14. b4 Qd8 15. Rc1 Bh6 16. Rc2 b5 17. Nb2 Rc8 18. Nd3 Nb8 19. Qa1 Nd7 20. g4 Be6 21. Nc5 Ndxc5 22. bxc5 f5 23. Ne5 fxg4 24. Bxg4 Bxg4 25. Nxg4 Bf4 26. Qe1 Ng5 27. Kg2 Bxh2 28. Nxh2 Qd7 29. Qe3 Qf5 30. Re2 h5 31. h4 Qe4+ 32. Qxe4 Nxe4 33. f3 Nxc3 34. Rxe7 Rfe8 35. Rfe1 Kf8 36. R7e6 Kf7 37. Rxe8 Rxe8 38. Rxe8 Kxe8 39. Kg3 Ne2+ 40. Kf2 Nxd4 41. Ke3 Ne6 42. f4 Kd7 43. Nf3 d4+ 44. Ke4 Nxc5+ 45. Kxd4 Kd6 46. Ne5 Ne6+ 47. Ke4 Nf8 48. Kd4 a5 49. a4 bxa4 50. Nc4+ Ke6 51. Ke4 Nd7 52. Nxa5 a3 53. Nb3 a2 0-1